Christopher Guest Movie Trivia - Statistics

General Stats
  • This quiz has been taken 5 times
  • The average score is 16 of 24
Answer Stats
Question Answer % Correct
Folk duo Mitch & Mickey (Eugene Levy & Catherine O'Hara)'s biggest hit from the old days (A MIGHTY WIND) "A Kiss at the End of the Rainbow"
100%
He played music director Lloyd Miller, screenwriter Philip Koontz in FOR YOUR CONSIDERATION, and Mayflower Kennel Club President Theodore Millbank III in BEST IN SHOW Bob Balaban
100%
According to her owners, Meg and Hamilton Swan (Parker Posey and Michael Hitchcock), what toy could Beatrice the weimaraner not go without? (BEST IN SHOW) Busy Bee
100%
The Mayflower Kennel Club Dog Show is in what city? (BEST IN SHOW) Philadelphia
100%
Improvised hotel room shared by Gerry and Cookie Fleck (Eugene Levy and Catherine O'Hara) (BEST IN SHOW) Utility closet
100%
Harlan Pepper (Christopher Guest)'s artistic passion (BEST IN SHOW) Ventriloquism
100%
Jay Berman (Christopher Guest)'s film about a Southern Jewish family in the 1940s (FOR YOUR CONSIDERATION) Home for Purim
80%
State in which the town of Blaine, the setting of WAITING FOR GUFFMAN, is located Missouri
80%
Mr. Guffman's first name Mort
80%
What kind of dog was Scott (John Michael Higgins) and Stefan (Michael McKean)'s Miss Agnes? (BEST IN SHOW) Shih Tzu
80%
Notable two-word review of the album "Shark Sandwich" (SPINAL TAP) "Shit sandwich"
80%
Title of Spinal Tap's controversial new album, which was released with a solid black cover because the original cover was deemed too obscene Smell the Glove
80%
What were the Main Street Singers renamed? (A MIGHTY WIND) The New Main Street Singers
80%
What unusual physical condition does Gerry Fleck (Eugene Levy) have? (BEST IN SHOW) Two left feet
80%
City where the band gets lost backstage (SPINAL TAP) Cleveland
60%
Drummer who survives through most of the film (SPINAL TAP) Mick Shrimpton
60%
Two main things that the retired Nigel Tufnel's boutique shop sells (SPINAL TAP II: THE END CONTINUES) Guitars and cheese
40%
What that film was later retitled by the studio (FOR YOUR CONSIDERATION) Home for Thanksgiving
40%
Unusual surgery that Ron Albertson (Fred Willard) claims to have had (WAITING FOR GUFFMAN) Penis reduction surgery
40%
What product temporarily put the Blaine on the map? (WAITING FOR GUFFMAN) Stools
40%
According to local lore, what landed in Blaine in 1946? (WAITING FOR GUFFMAN) A UFO
20%
Major character from another Guest film that has a cameo in MASCOTS Corky St. Clair
20%
According to veteran actress Mary Taft Hooligan (Catherine O'Hara), "Dying is easy. _____ is hard." (FOR YOUR CONSIDERATION) Playing a lesbian
20%
Movie that Corky St. Clair (Christopher Guest)'s collectible lunch box commemorates (WAITING FOR GUFFMAN) The Remains of the Day
20%
No matching quizzes found
Score Distribution
Percent of People with Each Score
Percentile by Number Answered
Your Score History
You have not taken this quiz